[Event "Bundesliga 2024-25"]
[Site "Munich GER"]
[Date "2024.10.06"]
[Round "2.7"]
[Board "4"]
[White "Gupta, Abhijeet"]
[Black "Dragnev, Valentin"]
[Result "1/2-1/2"]
[WhiteTitle "GM"]
[BlackTitle "GM"]
[WhiteElo "2573"]
[BlackElo "2556"]
[WhiteTeam "Schachfreunde Deizisau"]
[BlackTeam "FC Bayern Muenchen"]
[WhiteFideId "5010608"]
[BlackFideId "1634852"]
[EventDate "2024.10.05"]
[EventType "team"]

1. d4 Nf6 2. c4 e6 3. Nf3 d5 4. g3 Bb4+ 5. Bd2 Be7 6. Bg2 O-O 7. O-O c6 8. Qc2
Nbd7 9. Bf4 a5 10. Rd1 a4 11. a3 Ne4 12. Nc3 Nxc3 13. bxc3 b5 14. c5 g5 15. Bd2
f5 16. Qc1 g4 17. Ne1 e5 18. Nd3 e4 19. Nb4 Rf6 20. Bg5 Rg6 21. Bxe7 Qxe7 22. f3
Nf8 23. fxe4 fxe4 24. Rf1 Bd7 25. Qe3 Ne6 26. Rf2 Rf8 27. Raf1 Rgf6 28. h4 Kg7
29. Nc2 Rxf2 30. Rxf2 Rxf2 31. Qxf2 Qf6 32. e3 Kf7 33. Qe1 Ke7 34. Bf1 Nd8 35.
Be2 Nb7 36. Qd1 Na5 37. Ne1 h5 38. Ng2 Be8 39. Nf4 Bf7 40. Qb1 Kf8 41. Kf2 Nb3
42. Bd1 Na5 43. Qb4 Qd8 44. Be2 Qc7 45. Ke1 Ke7 46. Kd2 Kd8 47. Kc2 Kc8 48. Qb1
Be8 49. Kd1 Nb3 50. Ke1 Qa5 51. Qb2 Qc7 52. Kf2 Bf7 53. Kg2 Qd8 54. Qb1 Qf6 55.
Qd1 Qf5 56. Qe1 Qd7 57. Qf1 Nd2 58. Qf2 Nb3 1/2-1/2

[Event "Bundesliga 2024-25"]
[Site "Munich GER"]
[Date "2024.10.06"]
[Round "2.7"]
[Board "7"]
[White "Fedorovsky, Michael"]
[Black "Graf, Alexander"]
[Result "1/2-1/2"]
[WhiteTitle "IM"]
[BlackTitle "GM"]
[WhiteElo "2414"]
[BlackElo "2528"]
[WhiteTeam "FC Bayern Muenchen"]
[BlackTeam "Schachfreunde Deizisau"]
[WhiteFideId "14105454"]
[BlackFideId "4680804"]
[EventDate "2024.10.05"]
[EventType "team"]

1. d4 Nf6 2. c4 e6 3. Nf3 d5 4. Nc3 c6 5. e3 Nbd7 6. Qc2 Be7 7. b3 O-O 8. Bb2 b6
9. Bd3 Bb7 10. O-O Qc7 11. Rad1 Rfe8 12. Rfe1 Rad8 13. h3 h6 14. e4 dxe4 15.
Nxe4 c5 16. dxc5 Nxc5 17. Nxf6+ Bxf6 18. Bxf6 gxf6 19. Be2 Rxd1 20. Rxd1 Rd8 21.
Rxd8+ Qxd8 22. Qd2 Qxd2 23. Nxd2 a5 24. Bf3 Bxf3 25. Nxf3 Nd3 26. Nd2 Nb4 27. a3
Nc2 28. Ne4 Nxa3 29. Nxf6+ Kg7 30. Nd7 a4 31. bxa4 Nxc4 32. Kf1 f6 33. Ke2 Kf7
34. Kd3 Nb2+ 35. Kc3 Nxa4+ 36. Kb4 Nb2 37. Nxb6 Nd3+ 38. Kc3 Nf4 39. Kd4 Nxg2
40. Ke4 e5 41. Kf5 Nf4 42. Nc4 Nxh3 43. Nd6+ Ke7 44. Ne4 h5 1/2-1/2

[Event "Bundesliga 2024-25"]
[Site "Munich GER"]
[Date "2024.10.06"]
[Round "2.7"]
[Board "8"]
[White "Koellner, Ruben Gideon"]
[Black "Rafiee, Makan"]
[Result "1-0"]
[WhiteTitle "IM"]
[BlackTitle "FM"]
[WhiteElo "2481"]
[BlackElo "2285"]
[WhiteTeam "Schachfreunde Deizisau"]
[BlackTeam "FC Bayern Muenchen"]
[WhiteFideId "12993093"]
[BlackFideId "24609340"]
[EventDate "2024.10.05"]
[EventType "team"]

1. d4 c5 2. d5 g6 3. e4 Bg7 4. Nc3 d6 5. Nf3 Bg4 6. Be2 Bxf3 7. Bxf3 Nf6 8. O-O
O-O 9. Be2 Na6 10. Bc4 Nc7 11. a4 a6 12. Qe2 Rb8 13. a5 b5 14. axb6 Rxb6 15. Ra2
Nb5 16. Nxb5 axb5 17. Bxb5 Nxe4 18. Bc6 Nf6 19. Bd2 Qb8 20. Qxe7 Rxb2 21. Ra8
Qxa8 22. Bxa8 Rxa8 23. Qxd6 Ne4 24. Qc6 Rd8 25. Ba5 Rdb8 26. d6 Nc3 27. d7 Ne2+
28. Kh1 Rb1 29. d8=Q+ 1-0

[Event "Bundesliga 2024-25"]
[Site "Munich GER"]
[Date "2024.10.06"]
[Round "2.8"]
[Board "1"]
[White "Narayanan, S.L."]
[Black "Kasimdzhanov, Rustam"]
[Result "1-0"]
[WhiteTitle "GM"]
[BlackTitle "GM"]
[WhiteElo "2640"]
[BlackElo "2685"]
[WhiteTeam "SV Deggendorf"]
[BlackTeam "OSG Baden-Baden"]
[WhiteFideId "5058422"]
[BlackFideId "14200244"]
[EventDate "2024.10.05"]
[EventType "team"]

1. d4 Nf6 2. c4 e6 3. Nf3 d5 4. Nc3 c6 5. Bg5 h6 6. Bh4 Be7 7. e3 Nbd7 8. Qc2
O-O 9. a3 a5 10. cxd5 exd5 11. Bd3 Nh5 12. Bxe7 Qxe7 13. O-O Nhf6 14. Rae1 Qd6
15. Nh4 Nb6 16. Ne2 Be6 17. Ng3 Rfc8 18. Ngf5 Qf8 19. Qc5 Bxf5 20. Nxf5 Nbd7 21.
Qc2 c5 22. dxc5 Nxc5 23. Rd1 Ne6 24. Qa4 Nc5 25. Qh4 Rc6 26. Bb1 Rd8 27. Rc1
Rdc8 28. Rfd1 Nce4 29. Rxc6 Rxc6 30. h3 Kh8 31. Bxe4 dxe4 32. Qg3 g6 33. Nd6 Qe7
34. Qe5 Rc7 35. Qf4 Kg7 36. Rd4 Rc1+ 37. Kh2 Rc2 38. b4 axb4 39. axb4 Nh5 40.
Rxe4 Qg5 1-0

[Event "Bundesliga 2024-25"]
[Site "Munich GER"]
[Date "2024.10.06"]
[Round "2.8"]
[Board "2"]
[White "Sankalp, Gupta"]
[Black "Vitiugov, Nikita"]
[Result "1/2-1/2"]
[WhiteTitle "GM"]
[BlackTitle "GM"]
[WhiteElo "2534"]
[BlackElo "2676"]
[WhiteTeam "SV Deggendorf"]
[BlackTeam "OSG Baden-Baden"]
[WhiteFideId "5097010"]
[BlackFideId "4152956"]
[EventDate "2024.10.05"]
[EventType "team"]

1. e4 e5 2. Nf3 Nc6 3. Bb5 a6 4. Ba4 Nf6 5. O-O Be7 6. Re1 b5 7. Bb3 O-O 8. c3
Na5 9. Bc2 d5 10. d4 dxe4 11. Nxe5 c5 12. Bg5 Bb7 13. dxc5 Bxc5 14. Qxd8 Raxd8
15. b4 Bd6 16. Bxf6 gxf6 17. Ng4 Nc4 18. Bxe4 Bc8 19. Nxf6+ Kg7 20. Nh5+ Kh6 21.
Ng3 Rfe8 22. Kf1 Bf4 23. a3 Re5 24. Ra2 Be6 25. Rae2 Nb6 26. Bd3 Rxd3 27. Rxe5
Bxe5 28. Rxe5 Ba2 29. Re1 Nc4 30. Ke2 Bxb1 31. Rxb1 Rxc3 32. Ra1 Rc2+ 33. Ke1
Nb2 34. Kf1 Nd3 35. Ne2 Rb2 36. g3 Kg7 37. Rd1 Rb3 38. Nc1 Nxc1 39. Rxc1 Rxa3
40. Rc6 1/2-1/2

[Event "Bundesliga 2024-25"]
[Site "Munich GER"]
[Date "2024.10.06"]
[Round "2.8"]
[Board "3"]
[White "Bacrot, Etienne"]
[Black "Krivoborodov, Egor"]
[Result "1-0"]
[WhiteTitle "GM"]
[BlackTitle "GM"]
[WhiteElo "2665"]
[BlackElo "2555"]
[WhiteTeam "OSG Baden-Baden"]
[BlackTeam "SV Deggendorf"]
[WhiteFideId "605506"]
[BlackFideId "4155890"]
[EventDate "2024.10.05"]
[EventType "team"]

1. e4 c5 2. Nf3 g6 3. c3 d5 4. e5 a6 5. d4 Nc6 6. h3 Bg7 7. g3 Bf5 8. Bg2 Qd7 9.
Nh4 Be4 10. f3 Bxb1 11. Rxb1 cxd4 12. cxd4 e6 13. f4 h5 14. Be3 Bf8 15. O-O Be7
16. Nf3 Nh6 17. Bf2 Kf8 18. Qd2 Kg7 19. Rfc1 Rac8 20. Bf1 Bb4 21. Qd1 Na5 22.
Bd3 Rxc1 23. Rxc1 Rc8 24. Rc2 Rxc2 25. Qxc2 Qc6 26. Qxc6 Nxc6 27. Kf1 Ba5 28.
Ke2 Bb6 29. Bb1 Nf5 30. Kd3 Nb4+ 31. Kc3 Nc6 32. b4 a5 33. b5 Na7 34. Bd3 Bd8
35. g4 hxg4 36. hxg4 Nh6 37. Nh2 Be7 38. Kc2 Nc8 39. Be1 b6 40. Kd1 Ba3 41. Bh4
Bb2 42. Bf2 Ba3 43. Kc2 Bb4 44. Bh4 Be7 45. Be1 Ba3 46. Bd2 Be7 47. Kd1 Ba3 48.
Be3 Bb4 49. Kc2 Ba3 50. Bf1 Bb4 51. Bh3 Na7 52. a4 Nc8 53. Nf1 Ne7 54. Nh2 Nc8
55. Nf3 Ne7 56. Bf2 Nc8 57. Bh4 Be7 58. Be1 Bd8 59. Kd3 Be7 60. Bc3 Ba3 61. Nd2
Be7 62. Nf1 Ba3 63. Kc2 Be7 64. Ne3 Kh7 65. Kd3 Kg8 66. f5 Na7 67. f6 Bd8 68. g5
Nf5 69. Bxf5 gxf5 70. Ng2 1-0

[Event "Bundesliga 2024-25"]
[Site "Munich GER"]
[Date "2024.10.06"]
[Round "2.8"]
[Board "4"]
[White "Petrov, Martin"]
[Black "Shirov, Alexei"]
[Result "1-0"]
[WhiteTitle "GM"]
[BlackTitle "GM"]
[WhiteElo "2536"]
[BlackElo "2666"]
[WhiteTeam "SV Deggendorf"]
[BlackTeam "OSG Baden-Baden"]
[WhiteFideId "2911086"]
[BlackFideId "2209390"]
[EventDate "2024.10.05"]
[EventType "team"]

1. e4 e6 2. d4 d5 3. Nc3 Nf6 4. e5 Nfd7 5. f4 c5 6. Nf3 Nc6 7. Be3 cxd4 8. Nxd4
Qb6 9. Qd2 Qxb2 10. Rb1 Qa3 11. Bb5 Nxd4 12. Bxd4 a6 13. Bxd7+ Bxd7 14. Rb3 Qe7
15. Rxb7 Rc8 16. O-O Qd8 17. f5 exf5 18. Rfb1 Bc5 19. Bxc5 Rxc5 20. Nxd5 Bc8 21.
Re7+ Kf8 22. Qb4 Rxd5 23. Rd7+ Ke8 24. Rxd8+ Rxd8 25. Qc5 h5 26. Rb8 Bd7 27. Qc7
Ke7 28. Qd6+ Ke8 29. c4 Rh6 30. Rxd8+ Kxd8 31. Qf8+ Be8 32. Qxg7 Rg6 33. Qh8 Ke7
34. Qxh5 Bc6 35. g3 Be4 36. Qh4+ Kd7 37. Kf2 Rc6 38. Ke3 1-0

[Event "Bundesliga 2024-25"]
[Site "Munich GER"]
[Date "2024.10.06"]
[Round "2.8"]
[Board "5"]
[White "Deac, Bogdan-Daniel"]
[Black "Ghosh, Diptayan"]
[Result "1/2-1/2"]
[WhiteTitle "GM"]
[BlackTitle "GM"]
[WhiteElo "2680"]
[BlackElo "2566"]
[WhiteTeam "OSG Baden-Baden"]
[BlackTeam "SV Deggendorf"]
[WhiteFideId "1226380"]
[BlackFideId "5045207"]
[EventDate "2024.10.05"]
[EventType "team"]

1. Nf3 d5 2. d4 Nf6 3. c4 dxc4 4. e3 e6 5. Bxc4 c5 6. O-O Nc6 7. Nc3 a6 8. dxc5
Qxd1 9. Rxd1 Bxc5 10. Bd2 O-O 11. Rac1 Bd7 12. Be2 Ba7 13. Be1 Rfd8 14. Na4 Nd4
15. Nxd4 Bxa4 16. b3 Be8 17. Ba5 Rd5 18. Bc3 Rc8 19. Bb2 Rxc1 20. Rxc1 Rc5 21.
Rxc5 Bxc5 22. Bf3 b6 23. Kf1 Kf8 24. a3 a5 25. Bb7 Bd6 26. a4 Bd7 27. Nb5 Bc5
28. Ke2 Ke7 29. h3 Ne8 30. Be4 1/2-1/2

[Event "Bundesliga 2024-25"]
[Site "Munich GER"]
[Date "2024.10.06"]
[Round "2.8"]
[Board "7"]
[White "Tilicheev, Viacheslav"]
[Black "Hagner, Bennet"]
[Result "0-1"]
[WhiteTitle "GM"]
[BlackTitle "FM"]
[WhiteElo "2438"]
[BlackElo "2311"]
[WhiteTeam "SV Deggendorf"]
[BlackTeam "OSG Baden-Baden"]
[WhiteFideId "24114928"]
[BlackFideId "16224477"]
[EventDate "2024.10.05"]
[EventType "team"]

1. d4 Nf6 2. c4 e6 3. Nc3 Bb4 4. e3 O-O 5. Bd3 d5 6. cxd5 exd5 7. a3 Bd6 8. Qc2
c6 9. Nge2 Re8 10. Bd2 Nbd7 11. f3 c5 12. h4 g6 13. h5 Nxh5 14. Nxd5 cxd4 15. e4
Ng3 16. Nxg3 Bxg3+ 17. Kf1 Ne5 18. Bb5 Bd7 19. Bxd7 Nxd7 20. Qa4 Be5 21. Qb5 Rc8
22. Qxb7 Rc2 23. Rd1 Nb6 24. Rxh7 Kxh7 25. Qxf7+ Bg7 26. Ke2 Re5 27. g4 Qh4 28.
Kd3 Rxd2+ 29. Rxd2 Nxd5 30. exd5 Qh1 31. d6 Qb1+ 32. Kxd4 Re7+ 0-1